000 00696nam a2200265Ia 4500
005 20260121170247.0
008 008 260114s9999 xx 000 0 eng d
020 _a9783319657110
037 _aEBOOK
040 _aCRL
040 _beng
040 _cCRL
041 _2eng
041 _aeng
084 _qCRL
100 _aBridie McGreavy, Justine Wells, George F. McHendry, Jr., Samantha Senda-Cook
_91061729
245 0 _aTracing Rhetoric and Material Life
260 _bSpringer
260 _bSpringer
260 _c2018
856 _uhttps://link.springer.com/openurl?genre=book&isbn=978-3-319-65711-0
942 _cEBOOK
999 _c1627458
_d1627458